000 01439nam a2200421 i 4500
001 28790
003 KOSZ 005
005 20200615091057.0
008 971016s1989 pl a f |000 0 pol
015 _aUWD 1989/2261
020 _a8321333532
035 _a991002900989705066
035 _a(PL-WaBN)b10786685-48omnis_nlop
035 _ab10786685
035 _a(OCoLC)834765217
035 _a(PL)b0000001078668
035 _a(EXLNZ-48OMNIS_NETWORK)9910334125405606
040 _aWA N
_cWA N
_dWA N
_dKOSZ 005/EG
080 _a7.025(07)
100 1 _aŚlesiński, Władysław
_d(1929-1995)
_eAutor
245 1 0 _aKonserwacja zabytków sztuki.
_nT. 1,
_pMalarstwo sztalugowe i ścienne /
_cWładysław Ślesiński.
260 _aWarszawa :
_b"Arkady",
_c1989.
300 _a178, [2] s., [64] s. tabl. :
_bil. (w tym kolor), faks., fot. ;
_c24 cm.
336 _aTekst
_btxt
_2rdacontent
337 _aBez urządzenia pośredniczącego
_bn
_2rdamedia
338 _aWolumin
_bnc
_2rdacarrier
380 _aKsiążki
388 _a1901-2000
388 _a1945-1989
504 _aBibliogr. s. 169-178.
650 7 _aKonserwatorstwo
_2DBN
655 7 _aPodręcznik
_2DBN
658 _aKultura i sztuka
710 2 _aWydawnictwo Arkady
_4pbl
856 _uhttp://koha.tu.koszalin.pl/cgi-bin/koha/opac-detail.pl?biblionumber=28790
_yKatalog online BPK
942 _2UKD
_cKS
999 _c28790
_d28790